000 00343nam a22001217a 4500
082 _a658.3 SCO'P
100 _aCHOTHIER, ROBERT C,SCOTT, WALTER DILL,SPRIEGEL, WILLIAM R
_958490
245 _aPERSONAL MANAGMENT PRINCIPLES PRACTICES AND POINT OF VIEW
250 _a4TH
260 _aNEWYORK
_bMCGRAW HILL
_c1949
300 _a648P
942 _cBK
999 _c568683
_d568683